000 02228nam0a2200337 4500
001 RU\NLR\bibl\1096989
005 20260607064337.0
010 _a5-88830-348-3
_9500
021 _aRU
_b2007-30244
_91604
035 _a(NLR Aleph) 001084099
090 _a1076977
_c1076977
100 _a20070613d2006 |||y0rusy50 ca
101 0 _arus
102 _aRU
105 _aa |||||||||
200 1 _aИнновационные направления развития современного менеджмента, финансов и страхования
_eсборник трудов III Межвузовской научно-практической конференции преподавателей вузов, ученых, специалистов, аспирантов, студентов (15 декабря 2006 г.)
_f[науч. ред. - д.п.н., проф. С.М. Маркова]
210 _aНижний Новгород
_cИзд-во ВГИПУ
_d2006
215 _a173 с.
_cил.
_d21
300 _aВ надзаг.: Федер. агентство по образованию, Деп. образования Нижегор. обл., ГОУ ВПО "Волж. гос. инж.-пед. ун-т"
320 _aБиблиогр. в конце докл.
606 1 _aМенеджмент
_jСъезды, совещания и т.п.
_yРоссийская Федерация
_92081414
_3RU\NLR\auth\661257394
606 1 _aИнновационная деятельность
_jСъезды, совещания и т.п.
_yРоссийская Федерация
_92101842
_3RU\NLR\auth\661271084
686 _aУ9(2)-55(2Р)я431
686 _aУ21(2)я431
702 1 _4340
_7ca
_8rus
_aМаркова
_bС. М.
_cд-р пед. наук
_gСветлана Михайловна
_97522
_3RU\NLR\auth\7724471
711 1 2 _aМежвузовская научно-практическая конференция преподавателей вузов, ученых, специалистов, аспирантов, студентов
_d3
_eНижний Новгород
_f2006
_9702072
_3RU\NLR\AUTH\8810100524
801 0 _aRU
_bNLR
_c20070613
_gRCR
801 1 _aRU
_bNLR
_c20070613
942 _cBOOK
980 _aNB